Good virus (KHMER) / (Record no. 48894)
| 000 -LEADER | |
|---|---|
| fixed length control field | 00270nam a2200109 4500 |
| 020 ## - INTERNATIONAL STANDARD BOOK NUMBER | |
| International Standard Book Number | 9789924342007 |
| 100 ## - MAIN ENTRY--PERSONAL NAME | |
| Personal name | Hok, Seth |
| 9 (RLIN) | 86284 |
| 245 ## - TITLE STATEMENT | |
| Title | Good virus (KHMER) / |
| Statement of responsibility, etc | Seth Hok |
| 260 ## - PUBLICATION, DISTRIBUTION, ETC. (IMPRINT) | |
| Place of publication, distribution, etc | Cambodia |
| Name of publisher, distributor, etc | Sipar |
| Date of publication, distribution, etc | 2024 |
| 300 ## - PHYSICAL DESCRIPTION | |
| Extent | 24 p. |
| Other physical details | col. ill. |
| Dimensions | 27 cm. |
| 942 ## - ADDED ENTRY ELEMENTS (KOHA) | |
| Source of classification or shelving scheme | |
| Koha item type | Book |
| Withdrawn status | Lost status | Source of classification or shelving scheme | Damaged status | Not for loan | Collection code | Home library | Current library | Date acquired | Total Checkouts | Full call number | Barcode | Checked out | Date last seen | Date checked out | Price effective from | Koha item type | Total Renewals |
|---|---|---|---|---|---|---|---|---|---|---|---|---|---|---|---|---|---|
| Siem Riep | Asian Hope Early Years Library | Asian Hope Early Years Library | 05/23/2025 | 8 | KHMER E HOK | 208004 | 04/01/2026 | 04/01/2026 | 04/01/2026 | 05/23/2025 | Book | 1 | |||||
| Siem Riep | Asian Hope Primary Library | Asian Hope Primary Library | 05/05/2025 | 16 | KHMER E HOK | 206750 | 05/07/2026 | 04/30/2026 | 04/30/2026 | 05/05/2025 | Book |